Finance and accounting for business / (Record no. 1071)

MARC details
000 -LEADER
fixed length control field 00525cac a22001691u 4500
008 - FIXED-LENGTH DATA ELEMENTS--GENERAL INFORMATION
fixed length control field 081204t 2004uk |||||r|||| 001 0 eng d
020 ## - INTERNATIONAL STANDARD BOOK NUMBER
International Standard Book Number 1861529937 (pbk.)
020 ## - INTERNATIONAL STANDARD BOOK NUMBER
International Standard Book Number 9781861529930
082 ## - DEWEY DECIMAL CLASSIFICATION NUMBER
Classification number 657
Item number RYA
Edition number 22
100 ## - MAIN ENTRY--PERSONAL NAME
Personal name Ryan , Bob.
9 (RLIN) 1462
245 ## - TITLE STATEMENT
Title Finance and accounting for business /
Statement of responsibility, etc Bob Ryan.
260 ## - PUBLICATION, DISTRIBUTION, ETC. (IMPRINT)
Place of publication, distribution, etc London :
Name of publisher, distributor, etc Thomson Learning;
Date of publication, distribution, etc 2004.
300 ## - PHYSICAL DESCRIPTION
Extent 587 p. :
Other physical details col. ill., col. ports. ;
Dimensions 26 cm.
500 ## - GENERAL NOTE
General note Includes index.
650 ## - SUBJECT ADDED ENTRY--TOPICAL TERM
Topical term or geographic name as entry element Accounting.
9 (RLIN) 33518
942 ## - ADDED ENTRY ELEMENTS (KOHA)
Item type Book - Borrowing
Call number prefix 657RYA
Source of classification or shelving scheme Dewey Decimal Classification
Holdings
Withdrawn status Item status Source of classification or shelving scheme Materials specified (bound volume or other part) Damaged status Not for loan Home library Current library Shelving location Date acquired Source of acquisition Total Checkouts Total Renewals Full call number Barcode Date last seen Date last borrowed Koha item type
    Dewey Decimal Classification Lost_In_Inventory_11-6-2024     Central Library Central Library First floor 20/08/2006 Purchase 3 3 657 RYA 000003426 15/07/2025 25/09/2018 Book - Borrowing